Văn hóa dân gian người Thu Lao ở Mường Khương, Lào Cai
Nội dung sách gồm 6 chương: Khái quát về người Thu Lao ; Phong tục tập quán ; Tín ngưỡng dân gian ; Văn học dân gian ; Văn hóa ẩm thực ; Kết luận.
সংরক্ষণ করুন:
| প্রধান লেখক: | |
|---|---|
| বিন্যাস: | গ্রন্থ |
| ভাষা: | Undetermined |
| প্রকাশিত: |
Hà Nội
Khoa học - Xã hội
2015
|
| বিষয়গুলি: | |
| ট্যাগগুলো: |
ট্যাগ যুক্ত করুন
কোনো ট্যাগ নেই, প্রথমজন হিসাবে ট্যাগ করুন!
|
| Thư viện lưu trữ: | Trung tâm Học liệu Trường Đại học Cần Thơ |
|---|
| LEADER | 00860nam a2200205Ia 4500 | ||
|---|---|---|---|
| 001 | CTU_209789 | ||
| 008 | 210402s9999 xx 000 0 und d | ||
| 082 | |a 398.09597167 | ||
| 082 | |b H406 | ||
| 100 | |a Phạm, Công Hoan | ||
| 245 | 0 | |a Văn hóa dân gian người Thu Lao ở Mường Khương, Lào Cai | |
| 245 | 0 | |c Phạm Công Hoan | |
| 260 | |a Hà Nội | ||
| 260 | |b Khoa học - Xã hội | ||
| 260 | |c 2015 | ||
| 520 | |a Nội dung sách gồm 6 chương: Khái quát về người Thu Lao ; Phong tục tập quán ; Tín ngưỡng dân gian ; Văn học dân gian ; Văn hóa ẩm thực ; Kết luận. | ||
| 650 | |a Văn hóa dân gian,Folklore | ||
| 650 | |z Việt Nam,Vietnam | ||
| 904 | |i Trương Thủy Ly,Hải | ||
| 980 | |a Trung tâm Học liệu Trường Đại học Cần Thơ | ||